| 000 | 00575 a2200169 4500 | ||
|---|---|---|---|
| 999 |
_c6994 _d6994 |
||
| 020 | _a9780957009400 | ||
| 050 | _aHD 2741 MEU 2011 | ||
| 100 |
_aMeurisse, Paul _eauthor |
||
| 245 |
_aA board of directors in action during a board meeting : _brecovering and describing the phenomenon / _cPaul Meurisse |
||
| 264 |
_aNorthamptonshire: _bVeritas Busi ltd,ness service _c2011. |
||
| 300 | _a767p.: | ||
| 500 | _aIncludes table of contents | ||
| 650 | _aBoards of directors. | ||
| 650 | _aCorporate governance. | ||
| 650 | _aBusiness meetings. | ||
| 942 |
_2lcc _cBK _h2741 _iMEU _kHD |
||